00900nam a2200253 a 4500008004100000020003200041040002500073041001300098044001100111080001700122100002500139245013000164250001300294260004900307300002900356490001200385500003900397700003100436700003300467700002700500958000600527999001700533952009600550951121s1986||||[C 0 slo c c32 Kčs. q(10000 výtl.) aSNKbslocSNKeAACR21 aslohspa axocSK a860(729.1)-31 aEguren, Gustavo4aut10aDobrodružstvá Gašpara Péreza NehryzovacGustavo Eguren ; Vladimír Oleríny, Vladimír Oleríny, Adela Jakabová a1., vyd. aBratislavabPravdac1986eBratislavafPravda a317 s., 17,21 ah.c21 cm0 aMaják aIlustr. na front. a predsádkach.1 aOleríny, Vladimír4trl1 aOleríny, Vladimír4[ADC]1 aJakabová, Adela4bkd aA c10497d10497 001040708Ka10000b10000d2019-11-29g32.00i09872oB 4051r2019-11-29w2019-11-29yKLDO